Northernmost cities in the Arctic Circle - Statistics

General Stats
  • This quiz has been taken 9 times
    7 since last reset
  • The average score is 6 of 16
Answer Stats
Latitude Population Answer % Correct
68°58′14″N 266,681 Murmansk
100%
69°20′00"N 176,735 Noril'sk
86%
69°40′58″N 78,745 Tromsø
86%
69°58′36″N 21,708 Alta
43%
67°28'27"N 53,712 Bodø
43%
68°25′14″N 21,580 Narvik
43%
67°34′00"N 48,262 Apatity
29%
68°48′00″N 25,056 Harstad
29%
68°09'00"N 20,695 Olenegorsk
29%
69°04′00"N 44,339 Severomorsk
29%
67°09′25″N 27,986 Kandalakša
14%
67°51'00"N 22,433 Kiruna
14%
67°56′00"N 39,203 Mončegorsk
14%
67°38′00"N 24,266 Nar'jan-Mar
14%
66°36′26″N 49,160 Salekhard
14%
67°30′00"N 56,131 Vorkuta
14%
No matching quizzes found
Score Distribution
Percent of People with Each Score
Percentile by Number Answered
Your Score History
You have not taken this quiz since the last reset